Jagdsequenzen beim Hund - Statistiken

Allgemein
  • Dieses Quiz wurde 42 mal gespielt
  • Das Durchschnittsergebnis liegt bei 2 aus 7
Antwortstatistiken
Antwort % Korrekt
Fixieren
67%
Hetzen, Verfolgen, Abtrennen von der Herde
50%
Orientieren, Erschnüffeln
50%
Töten, Totschütteln, Reißen
36%
Zerlegen, Vergraben und Fressen der Beute
11%
Packen, Kampf
6%
Belauern, Anpirschen
3%
Keine übereinstimmenden Quizze gefunden
Verteilung der Resultate
Anzahl Personen mit jedem Resultat
Perzentil nach korrekt beantworteten Fragen
Ihre Resultats-Entwicklung
Sie haben dieses Quiz noch nicht gespielt